L'initiative de la strategie de reduction de la pauvrete

Zapisane w:
Opis bibliograficzny
Korporacja: Déparment de L'Évaluation des operations de la Banque Mondiale
Format: Książka
Język:Undetermined
Wydane: Washington, D. C. Banque Mondiale 2004
Hasła przedmiotowe:
Etykiety: Dodaj etykietę
Nie ma etykietki, Dołącz pierwszą etykiete!
Thư viện lưu trữ: Trung tâm Học liệu Trường Đại học Cần Thơ
LEADER 00599nam a2200181Ia 4500
001 CTU_68757
008 210402s9999 xx 000 0 und d
082 |a 362.5 
082 |b D419 
110 |a Déparment de L'Évaluation des operations de la Banque Mondiale 
245 0 |a L'initiative de la strategie de reduction de la pauvrete 
245 0 |c Déparment de L'Évaluation des operations de la Banque Mondiale 
260 |a Washington, D. C. 
260 |b Banque Mondiale 
260 |c 2004 
650 |a Poverty 
904 |i Vuong 
980 |a Trung tâm Học liệu Trường Đại học Cần Thơ